Score 0/20 Timer 03:00
0 Plays Today
% Correct
Chinese
92.9%
Japanese
92.9%
Russian
92.9%
Arabic
92.9%
Italian
85.7%
Finnish
85.7%
Icelandic
85.7%
German
78.6%
Hindi
78.6%
Zulu
78.6%
% Correct
Swedish
71.4%
Polish
71.4%
Korean
64.3%
Portuguese
64.3%
Pig Latin
64.3%
Norwegian
57.1%
Spanish
50%
Irish
50%
French
42.9%
Latin
28.6%
Remove Ads.
Support Sporcle.
Get the best of Sporcle when you Go Orange. This ad-free experience offers more features, more stats, and more fun while also helping to support Sporcle. Thank you for becoming a member.

You're not logged in!

Compare scores with friends on all Sporcle quizzes.
OR
Log In

Sporcle TV

Today on Sporcle TV


Watch our educational content, quiz creation guides, and fun videos on Sporcle TV.

Show Comments

Extras

Top Quizzes Today


Score Distribution

Paid Content

Your Account Isn't Verified!

In order to create a playlist on Sporcle, you need to verify the email address you used during registration. Go to your Sporcle Settings to finish the process.

Report this User

Report this user for behavior that violates our Community Guidelines.

Details: